| 000 | 01310cab a22002295a 4500 | ||
|---|---|---|---|
| 001 | L138579 | ||
| 008 | 070622e20070614xxk f 000 0 eng d | ||
| 035 | _a(Sirsi) u138579 | ||
| 041 | 0 | _aeng | |
| 100 | 1 | _aButton, Roger | |
| 245 | 0 | 4 | _aThe consumer versus cashflow |
| 260 | _c2007 | ||
| 490 |
_aConstruction News _v(7022) 14 June 2007, 26(1) |
||
| 520 | _aDiscusses the legal situation for the protection of contractors' cashflow. The Construction Act provides for this, but dopes not apply to contracts with resident occupiers. Such occupiers are protected by the Unfair Terms in Consumer Contracts Regulations. In a landmark ruling, a clause requiring that a residential occupier serve a withholding notice has been held unenforceable. As a result, contractors may consider entering into contracts with residential occupiers is riskier. Courts may enquire into the correctness of adjudicator rulings before enforcement against residential occupiers. | ||
| 590 | _aKA | ||
| 650 | 2 | 4 | _aHOUSING GRANTS, CONSTRUCTION AND REGENERATION ACT 1996 |
| 650 | 2 | 4 | _aUNFAIR TERMS IN CONSUMER CONTRACTS REGULATIONS 1999 |
| 650 | 2 | 4 | _aDOMSALLA BUILDING SERVICES V DYASON |
| 651 | 4 |
_aEngland and Wales _y1543- |
|
| 690 | _aBUILT ENVIRONMENT-CONSTRUCTION MANAGEMENT-BUILDING CONTRACT ADMINISTRATION | ||
| 942 | _n0 | ||
| 999 |
_c78918 _d78918 |
||